Normal view
MARC view
- Jang, Sou Hyun.
Entry Personal Name
001 - CONTROL NUMBER
- control field: 70336
003 - CONTROL NUMBER IDENTIFIER
- control field: OSt
005 - DATE AND TIME OF LATEST TRANSACTION
- control field: 20260328101054.0
008 - FIXED-LENGTH DATA ELEMENTS
- fixed length control field: 260328|| aca||aabn | a|a d
040 ## - CATALOGING SOURCE
- Original cataloging agency: OSt
100 ## - HEADING--PERSONAL NAME
- Personal name: Jang, Sou Hyun.
- Relator term: author.
